000 00773cam a22002531 4500
001 7502548
003 ARRUPE
005 20140131113848.0
008 750716s1963 nyu 000 0 eng
010 _a 62018769
035 _a(OCoLC)1453837
040 _aDLC
_cFJ
_dOCoLC
_dDLC
042 _apremarc
050 0 0 _aPC4271
_b.K4
082 _a465.8
100 1 _aKendris, Christopher.
_97486
245 1 0 _a201 Spanish verbs fully conjugated in all the tenses, alphabetically arranged.
260 _aGreat Neck, N.Y.,
_bBarron's Educational Series, inc.
_c[1963]
300 _a207 p.
_c19 cm.
490 0 _aBarron's educational series
650 0 _aSpanish language
_xVerb.
_97487
906 _a7
_bcbc
_coclcrpl
_du
_encip
_f19
_gy-gencatlg
942 _2lcc
_cMONOGRAPH
999 _c119817
_d119817